| 000 | 00655nab a2200205 a 4500 | ||
|---|---|---|---|
| 005 | 20210219155235.0 | ||
| 008 | 991125s1985 mx 000 0 spa u | ||
| 035 | _aUPN01000140973 | ||
| 100 | 1 | _aSánchez Correa, Elena | |
| 222 | _aPERSPECTIVA EDUCACIONAL | ||
| 245 | _aAnálisis comparativo de los valores y actitudes presentes en los objetivos fundamentales transversales de la educación básica y media | ||
| 260 | _aValparaiso, Chile | ||
| 300 | _a91-106 | ||
| 362 | 0 | _a1999 Nos. 33-34, ene.-dic. | |
| 653 | 0 | _aFORMACION DE MAESTROS | |
| 653 | 0 | _aVALORES | |
| 653 | 0 | _aPRACTICA DOCENTE | |
| 653 | 0 | _aEDUCACION BASICA | |
| 905 | _aArticulo | ||
| 999 |
_c113121 _d113121 |
||